Normal view
MARC view
- Charles H.Kennedy/ Kathleen McNeil
Entry Personal Name
001 - CONTROL NUMBER
- control field: 53685
003 - CONTROL NUMBER IDENTIFIER
- control field: NUST
005 - DATE AND TIME OF LATEST TRANSACTION
- control field: 20210421115759.0
008 - FIXED-LENGTH DATA ELEMENTS
- fixed length control field: 210421|| aca||aabn | a|a d
040 ## - CATALOGING SOURCE
- Original cataloging agency: NUST
- Transcribing agency: NUST
100 ## - HEADING--PERSONAL NAME
- Personal name: Charles H.Kennedy/ Kathleen McNeil
670 ## - SOURCE DATA FOUND
- Source citation: Work cat.: (NUST): Charles H.Kennedy/ Kathleen McNeil , Pakistan at The Millennium, 2004
